Final EFL Championship Table 2024/25 - Statistics

General Stats
  • This quiz has been taken 23 times
  • The average score is 18 of 24
Answer Stats
Position Club W D L GD Points % Correct
1 Leeds United 29 13 4 +65 100
100%
2 Burnley 28 16 2 +53 100
95%
3 Sheffield United 28 8 10 +27 90
95%
4 Sunderland 21 13 12 +14 76
95%
7 Blackburn Rovers 19 9 18 +5 66
81%
5 Coventry City 20 9 17 +6 69
81%
6 Bristol City 17 17 12 +4 68
76%
24 Cardiff City 9 17 20 -25 44
76%
21 Hull City 12 13 21 -10 49
76%
22 Luton Town 13 10 23 -24 49
76%
14 Watford 16 9 21 -8 57
76%
9 West Bromwich Albion 15 19 12 +10 64
76%
8 Millwall 18 12 16 -2 66
71%
13 Norwich City 14 15 17 +3 57
71%
16 Portsmouth 14 12 20 -13 54
71%
23 Plymouth Argyle 11 13 22 -37 46
67%
12 Sheffield Wednesday 15 13 18 -9 58
67%
18 Stoke City 12 15 19 -17 51
67%
11 Swansea City 17 10 19 -5 61
67%
19 Derby County 13 11 22 -8 50
62%
10 Middlesbrough 18 10 18 +8 64
62%
17 Oxford United 13 14 19 -16 53
62%
20 Preston North End 10 20 16 -11 50
62%
15 Queens Park Rangers 14 14 18 -10 56
62%
No matching quizzes found
Score Distribution
Percent of People with Each Score
Percentile by Number Answered
Your Score History
You have not taken this quiz